Dienstgrade der US-Streitkräfte (Army) - Statistiken

Allgemein
  • Dieses Quiz wurde 199 mal gespielt
  • Das Durchschnittsergebnis liegt bei 10 aus 24
Antwortstatistiken
Mannschaften % Korrekt
General
85%
Major
74%
Private E1
66%
Private E2
66%
Sergeant
65%
Captain
61%
Colonel
58%
Corporal
55%
Staff Sergeant
41%
Sergeant Major
34%
Major General
32%
First Lieutenant
31%
Private First Class
31%
Second Lieutenant
31%
Lieutenant Colonel
30%
General of the Army
29%
Lieutenant General
28%
Master Sergeant
27%
Specialist
27%
First Sergeant
25%
Sergeant First Class
24%
Brigadier General
23%
Sergeant Major of the Army
20%
Command Sergeant Major
17%
Keine übereinstimmenden Quizze gefunden
Verteilung der Resultate
Anzahl Personen mit jedem Resultat
Perzentil nach korrekt beantworteten Fragen
Ihre Resultats-Entwicklung
Sie haben dieses Quiz noch nicht gespielt